Medidas cautelares en el codigo general del proceso / (Record no. 782)
[ view plain ]
| 000 -LEADER | |
|---|---|
| campo de control de longitud fija | 00965nam a22003017a 4500 |
| 001 - NÚMERO DE CONTROL | |
| campo de control | 003472 |
| 003 - IDENTIFICADOR DE NÚMERO DE CONTROL | |
| campo de control | CoMeUDC003472 |
| 005 - FECHA Y HORA DE LA ÚLTIMA TRANSACCIÓN | |
| campo de control | 20190115211758.0 |
| 008 - DATOS DE LONGITUD FIJA--INFORMACIÓN GENERAL | |
| campo de control de longitud fija | 161201s2016 ck ||||fr|||| 001 0 spa d |
| 020 ## - NÚMERO INTERNACIONAL ESTÁNDAR DEL LIBRO | |
| Número Internacional Estándar del Libro | 9789583510205 |
| 040 ## - FUENTE DE CATALOGACIÓN | |
| Centro catalogador/agencia de origen | CO-BoUCM |
| Lengua de catalogación | spa |
| Centro/agencia transcriptor | CoMeUDC |
| 041 0# - CÓDIGO DE IDIOMA | |
| Código de lengua del texto/banda sonora o título independiente | spa |
| 082 04 - NÚMERO DE LA CLASIFICACIÓN DECIMAL DEWEY | |
| Información de edición | 20 |
| Número de clasificación | 347.05 |
| Número de ítem | F715 |
| 100 ## - ENTRADA PRINCIPAL--NOMBRE DE PERSONA | |
| Nombre de persona | Forero Silva, Jorge |
| 9 (RLIN) | 82389 |
| 245 10 - MENCIÓN DEL TÍTULO | |
| Título | Medidas cautelares en el codigo general del proceso / |
| Mención de responsabilidad, etc. | Jorge Forero Silva. |
| 250 ## - MENCION DE EDICION | |
| Mención de edición | Segunda edición. |
| 260 ## - PUBLICACIÓN, DISTRIBUCIÓN, ETC. | |
| Lugar de publicación, distribución, etc. | Bogotá (Colombia) : |
| Nombre del editor, distribuidor, etc. | Temis, |
| Fecha de publicación, distribución, etc. | 2016. |
| 300 ## - DESCRIPCIÓN FÍSICA | |
| Extensión | 138 páginas ; |
| 500 ## - NOTA GENERAL | |
| Nota general | Incluye índice |
| 500 ## - NOTA GENERAL | |
| Nota general | Segunda reimpresión de la segunda edición |
| 650 #7 - PUNTO DE ACCESO ADICIONAL DE MATERIA--TÉRMINO DE MATERIA | |
| Término de materia o nombre geográfico como elemento de entrada | Medidas cautelares |
| Subdivisión geográfica | Colombia |
| 9 (RLIN) | 59103 |
| 650 #7 - PUNTO DE ACCESO ADICIONAL DE MATERIA--TÉRMINO DE MATERIA | |
| 9 (RLIN) | 10614 |
| Término de materia o nombre geográfico como elemento de entrada | Caución |
| 650 #7 - PUNTO DE ACCESO ADICIONAL DE MATERIA--TÉRMINO DE MATERIA | |
| 9 (RLIN) | 14021 |
| Término de materia o nombre geográfico como elemento de entrada | Embargo |
| 650 #7 - PUNTO DE ACCESO ADICIONAL DE MATERIA--TÉRMINO DE MATERIA | |
| 9 (RLIN) | 7969 |
| Término de materia o nombre geográfico como elemento de entrada | Procedimiento civil |
| 690 #0 - PUNTO DE ACCESO ADICIONAL DE MATERIA LOCAL--TÉRMINO DE MATERIA (OCLC, RLIN) | |
| Término de materia o nombre geográfico como elemento inicial | Derecho procesal |
| 9 (RLIN) | 12822 |
| 700 1# - ENTRADA AGREGADA--NOMBRE PERSONAL | |
| Nombre de persona | Parra Quijano, Jairo |
| Término indicativo de función/relación | prólogo |
| 9 (RLIN) | 35909 |
| 942 ## - ELEMENTOS DE ENTRADA SECUNDARIOS (KOHA) | |
| Tipo de ítem Koha | Libros |
| Fuente del sistema de clasificación o colocación | Clasificación Decimal Dewey |
| Código de la institución [OBSOLETO] | 8 |
| Edición | 2 |
| Parte de la signatura que corresponde a la clasificación (Parte de la clasificación) | 347.05 |
| Sufijo de la signatura | F715me |
| Estatus retirado | Estado de pérdida | Fuente del sistema de clasificación o colocación | Estado de daño | No para préstamo | Colección | Biblioteca de origen | Biblioteca actual | Fecha de adquisición | Fuente de adquisición | Signatura topográfica completa | Código de barras | Visto por última vez | Copia número | Precio de reemplazo | Tipo de ítem Koha |
|---|---|---|---|---|---|---|---|---|---|---|---|---|---|---|---|
| Clasificación Decimal Dewey | Colección general | U DE COLOMBIA - Biblioteca | U DE COLOMBIA - Biblioteca | 15/01/2019 | Compra | 347.05 F715 | 003472 | 15/01/2019 | 1 | 15/01/2019 | Libros |
